| 000 | 00000nam 2200000za 4500 |
| 001 | 9.814186 |
| 003 | CaOODSP |
| 005 | 20221107141724 |
| 007 | cr ||||||||||| |
| 008 | 160404s1992 onc |o f|0| 0 eng d |
| 020 | |z0-660-14418-2 |
| 022 | |z0827-0392 |
| 040 | |aCaOODSP|beng |
| 043 | |an-cn--- |
| 086 | 1 |aCS91-534/1992E-PDF |
| 100 | 1 |aDumas, Jean, |d1931- |
| 245 | 10|aMarriage and conjugal life in Canada |h[electronic resource] / |cJean Dumas ; Yves Péron. |
| 260 | |aOttawa : |bStatistics Canada, |c1992. |
| 300 | |a153 p. : |bfigures, tables. |
| 490 | 1 |aCurrent demographic analysis |
| 500 | |aIssued also in French under title: Mariage et vie conjugale au Canada. |
| 500 | |aDigitized edition from print [produced by Statistics Canada]. |
| 504 | |aIncludes bibliographic references. |
| 692 | 07|2gccst|aMarriage |
| 692 | 07|2gccst|aDemography |
| 700 | 1 |aPéron, Yves,|d1938- |
| 710 | 2 |aStatistics Canada. |bDemography Division. |
| 775 | 08|tMariage et vie conjugale au Canada |w(CaOODSP)9.814189 |
| 830 | #0|aCurrent demographic analysis.|w(CaOODSP)9.814185 |
| 856 | 40|qPDF|s2.81 MB|uhttps://publications.gc.ca/collections/collection_2016/statcan/CS91-534-1992-eng.pdf |